All International (Non-U.S.) Tornadoes Officially Rated F5/EF5/IF5. - Statistics

General Stats
  • This quiz has been taken 8 times
  • The average score is 8 of 12
Answer Stats
Date Tornado % Correct
June 22, 2007 Elie, Canada
100%
January 10, 1973 San Justo, Argentina
100%
February 16, 1876 Bowen, Australia
60%
October 7, 1884 Catania, Italy
60%
September 20, 1926 Encarnación, Paraguay
60%
April 23, 1800 Hainichen, Germany
60%
August 19, 1845 Malaunay-Montville, France
60%
June 1, 1927 Neede, Netherlands
60%
June 24, 1967 Palluel, France
60%
July 24, 1930 Selva del Montello, Italy
60%
June 29, 1764 Woldegk, Germany
60%
June 16, 1957 Valle Scuropasso, Italy
40%
No matching quizzes found
Score Distribution
Percent of People with Each Score
Percentile by Number Answered
Your Score History
You have not taken this quiz